[Event "Challenge"]
[Site "http://www.queenalice.com/game.php?id=517327"]
[Date "2009.1.5"]
[Round "-"]
[White "Brodthuhn"]
[Black "pickles"]
[Result "1/2-1/2"]
[WhiteElo "2487"]
[BlackElo "2374"]

1. d4 Nf6 2. c4 g6 3. Nc3 Bg7 4. e4 d6 5. Nf3 O-O 6. Be2 e5 7. O-O Nc6 8. d5 Ne7
9. b4 Nh5 10. Re1 f5 11. Ng5 Nf6 12. Bf3 c6 13. Be3 h6 14. Ne6 Bxe6 15. dxe6
fxe4 16. Bxe4 Nxe4 17. Nxe4 d5 18. cxd5 cxd5 19. Nc5 Qd6 20. Nxb7 Qxe6 21. Qb3
Rac8 22. Bc5 Rc7 23. Na5 Bf6 24. Rad1 Kg7 25. h3 a6 26. Re2 Rd8 27. a3 Nf5 28.
Red2 Rcd7 29. a4 Kf7 30. g3 d4 31. Qxe6+ Kxe6 32. Nc4 g5 33. Kg2 h5 34. Re1 Rh7
35. Rde2 d3 36. Rd2 g4 37. Nb2 Rhd7 38. hxg4 hxg4 39. Bb6 Bg5 40. Rdd1 d2 41.
Re4 Rb8 42. Bc5 Nh6 43. Nc4 Rd5 44. Ne3 Bxe3 45. Bxe3 Nf5 46. Rxg4 Nxe3+ 47.
fxe3 Rf8 48. Rc4 1/2-1/2

[Event "AUTO-ELITE-199"]
[Site "http://www.queenalice.com/game.php?id=521978"]
[Date "2009.1.13"]
[Round "2"]
[White "Brodthuhn"]
[Black "cleber"]
[Result "1/2-1/2"]
[WhiteElo "2488"]
[BlackElo "2302"]

1. e4 e5 2. Nf3 Nc6 3. Bb5 a6 4. Ba4 Nf6 5. O-O Nxe4 6. d4 b5 7. Bb3 d5 8. dxe5
Be6 9. Nbd2 Nxd2 10. Qxd2 Be7 11. Rd1 O-O 12. Bxd5 Bxd5 13. Qxd5 Qxd5 14. Rxd5
Rad8 15. Rxd8 Rxd8 16. Bf4 Nd4 17. Nxd4 Rxd4 18. Be3 Re4 19. Rd1 Rxe5 20. Rd7 c5
21. Ra7 f5 22. g3 Re6 1/2-1/2

[Event "AUTO-ELITE-199"]
[Site "http://www.queenalice.com/game.php?id=521979"]
[Date "2009.1.13"]
[Round "2"]
[White "cleber"]
[Black "Brodthuhn"]
[Result "1/2-1/2"]
[WhiteElo "2310"]
[BlackElo "2504"]

1. e4 c6 2. d4 d5 3. Nc3 dxe4 4. Nxe4 Nd7 5. Bc4 Ngf6 6. Ng5 e6 7. Qe2 Nb6 8.
Bb3 h6 9. N5f3 a5 10. c3 a4 11. Bc2 Qd5 12. Bd3 c5 13. dxc5 Bxc5 14. Be3 a3 15.
b3 O-O 16. Rd1 Qc6 17. Bxc5 Qxc5 18. Qe5 Ra5 19. Qxc5 Rxc5 20. Ne2 Nbd5 21. Nd2
Nxc3 22. Nxc3 Rxc3 23. Nc4 b5 24. Nxa3 b4 25. Nc2 Nd5 26. Kd2 Rc5 27. Kc1 Bb7
28. Kb2 Nf4 29. Bf1 Rfc8 1/2-1/2

[Event "AUTO-ELITE-205"]
[Site "http://www.queenalice.com/game.php?id=527400"]
[Date "2009.1.22"]
[Round "2"]
[White "Brodthuhn"]
[Black "serse"]
[Result "1-0"]
[WhiteElo "2484"]
[BlackElo "2441"]

1. d4 Nf6 2. c4 e6 3. Nf3 d5 4. Nc3 Nbd7 5. Bg5 h6 6. Bh4 dxc4 7. e3 c5 8. Bxc4
cxd4 9. Nxd4 Qc7 10. Qe2 e5 11. O-O a6 12. Rac1 Qb6 13. Bg3 Bb4 14. Nf5 g6 15.
Nh4 Kf8 16. Qc2 Kg7 17. Rfd1 Rf8 18. Bxf7 Rxf7 19. Qxg6+ Kf8 20. Qxh6+ Ke8 21.
Nf3 Bf8 22. Qg6 Nd5 23. Qg4 N5f6 24. Qf5 Nd5 25. Qc2 Nxc3 26. Qxc3 Bg7 27. Ng5
Rf6 28. Qc4 Nf8 29. Bxe5 Be6 30. Qh4 Bf5 31. Rc7 Qb5 32. f4 Nd7 33. Bxf6 Bxf6
34. Qh5+ Kd8 35. Rcc1 Bd3 36. Qf7 Bxg5 37. fxg5 Rb8 38. g6 Qf5 39. Qb3 Bb5 40.
g7 Ke7 41. g8=Q Rxg8 42. Qxg8 Bc6 43. Qg7+ Ke8 44. Rd6 Qf8 45. Re6+ Kd8 46. Qg5+
Kc8 47. Rexc6+ bxc6 48. Rxc6+ Kb7 49. Qd5 Nb6 50. Qe6 Qb4 51. Rxb6+ Qxb6 52.
Qxb6+ Kxb6 53. h4 1-0

[Event "AUTO-ELITE-205"]
[Site "http://www.queenalice.com/game.php?id=527401"]
[Date "2009.1.22"]
[Round "2"]
[White "serse"]
[Black "Brodthuhn"]
[Result "1/2-1/2"]
[WhiteElo "2425"]
[BlackElo "2485"]

1. e4 c6 2. d4 d5 3. Nd2 dxe4 4. Nxe4 Bf5 5. Ng3 Bg6 6. h4 h6 7. Nf3 e6 8. Ne5
Bh7 9. Bd3 Bxd3 10. Qxd3 Nf6 11. Bd2 Be7 12. O-O-O O-O 13. f4 c5 14. dxc5 Qc7
15. Ne4 Rd8 16. Nxf6+ Bxf6 17. Qe4 Nd7 18. Nxd7 Rxd7 19. Be3 Rad8 20. c3 Qa5 21.
Rxd7 Rxd7 22. Qc4 b5 23. Qb3 Qa6 24. g3 Rd3 25. Re1 b4 26. Qxb4 Qxa2 27. c6 Qa1+
28. Kc2 Qxe1 29. Kxd3 Qd1+ 1/2-1/2

[Event "AUTO-ELITE-205"]
[Site "http://www.queenalice.com/game.php?id=527402"]
[Date "2009.1.22"]
[Round "2"]
[White "Brodthuhn"]
[Black "Donidon"]
[Result "1-0"]
[WhiteElo "2499"]
[BlackElo "2359"]

1. d4 Nf6 2. c4 e6 3. Nf3 d5 4. Nc3 Bb4 5. e3 O-O 6. Bd3 c5 7. O-O dxc4 8. Bxc4
cxd4 9. exd4 Nc6 10. a3 Bd6 11. Re1 h6 12. Qd3 Na5 13. Ba2 a6 14. Ne4 Nxe4 15.
Qxe4 Qb6 16. Qg4 Kh7 17. b4 Nc6 18. Bb2 Ne7 19. Ne5 Nd5 20. g3 Kg8 21. Rac1 Qd8
22. Qe4 a5 23. b5 Nf6 24. Qf3 a4 25. Bb1 Bd7 26. Qd3 Ra5 27. d5 Bxe5 28. Bxe5
Bxb5 29. Bxf6 Bxd3 30. Bxd8 Rxd5 31. Be7 Re8 32. Rc7 Bxb1 33. Rxb1 b5 34. Rb7 f6
35. Kg2 Kf7 36. Bc5+ Kg6 37. R1xb5 Rc8 38. Be3 Rd3 39. h4 h5 40. Rc5 Rxe3 41.
Rxc8 Rxa3 42. Rg8 Rd3 43. Rbxg7+ Kf5 44. Rh7 e5 45. Rxh5+ Ke6 46. Ra8 a3 47.
Ra6+ Kd5 48. Rf5 1-0

[Event "AUTO-ELITE-205"]
[Site "http://www.queenalice.com/game.php?id=527403"]
[Date "2009.1.22"]
[Round "2"]
[White "Donidon"]
[Black "Brodthuhn"]
[Result "0-1"]
[WhiteElo "2393"]
[BlackElo "2493"]

1. e4 c5 2. Nf3 d6 3. d4 cxd4 4. Nxd4 Nf6 5. Nc3 a6 6. Be2 e5 7. Nb3 Be7 8. O-O
O-O 9. Be3 Be6 10. f4 exf4 11. Rxf4 Nc6 12. Qd2 Re8 13. Nd5 Bxd5 14. exd5 Ne5
15. Raf1 Qd7 16. Bd4 b5 17. Rf5 Rac8 18. Bd3 Nxd5 19. Rh5 g6 20. Qh6 Nf6 21. Rh3
Qe6 22. Rf4 Neg4 23. Qg5 Bd8 24. c3 Rc7 25. Qh4 h5 26. Qg3 Rce7 27. Rf1 Qd7 28.
Qf4 Nd5 29. Qc1 Nde3 30. Rff3 Re6 31. Rf4 Qc6 32. Bf1 Qd5 33. Bxe3 Nxe3 34. Nd4
Re5 35. Rf2 Ng4 36. Re2 Bf6 37. Qd1 Rxe2 38. Bxe2 Bxd4+ 39. cxd4 Ne3 40. Rxe3
Rxe3 41. Bf3 Qxa2 42. Qc1 Rd3 43. d5 Rb3 44. Bxh5 Rxb2 0-1

[Event "AUTO-ELITE-258"]
[Site "http://www.queenalice.com/game.php?id=544288"]
[Date "2009.2.21"]
[Round "2"]
[White "Brodthuhn"]
[Black "headhunter"]
[Result "1/2-1/2"]
[WhiteElo "2444"]
[BlackElo "2430"]

1. e4 c5 2. Nf3 d6 3. d4 cxd4 4. Nxd4 Nf6 5. Nc3 a6 6. Be3 e5 7. Nb3 Be6 8. f3
Nbd7 9. Qd2 b5 10. a4 b4 11. Nd5 Bxd5 12. exd5 Nb6 13. Bxb6 Qxb6 14. a5 Qb7 15.
Bc4 Be7 16. Ra4 Rb8 17. Nc1 Bd8 18. Nd3 Bxa5 19. Nc5 dxc5 20. Rxa5 O-O 21. O-O
Rfd8 22. Qe3 Nxd5 23. Qxe5 Ra8 24. Rd1 Nb6 25. Rxd8+ Rxd8 26. Bxa6 Qd5 27. Qxd5
Rxd5 28. b3 g6 29. h3 1/2-1/2

[Event "AUTO-ELITE-258"]
[Site "http://www.queenalice.com/game.php?id=544289"]
[Date "2009.2.21"]
[Round "2"]
[White "headhunter"]
[Black "Brodthuhn"]
[Result "1/2-1/2"]
[WhiteElo "2429"]
[BlackElo "2480"]

1. e4 c5 2. Nf3 Nc6 3. Bb5 g6 4. O-O Bg7 5. c3 Nf6 6. Re1 O-O 7. d4 cxd4 8. cxd4
d5 9. e5 Ne4 10. Nc3 Bf5 11. Nh4 Be6 12. Bxc6 Nxc3 13. Qb3 Ne2+ 14. Rxe2 bxc6
15. Bf4 Rc8 16. Rc2 h6 17. Nf3 g5 18. Bd2 Qb6 19. Qa3 g4 20. Ba5 Qb8 21. Nh4 c5
1/2-1/2

[Event "AUTO-ELITE-211"]
[Site "http://www.queenalice.com/game.php?id=560332"]
[Date "2009.3.23"]
[Round "2"]
[White "Cerberus"]
[Black "Brodthuhn"]
[Result "1-0"]
[WhiteElo "2444"]
[BlackElo "2458"]

1. e4 c5 2. Nf3 e6 3. d4 cxd4 4. Nxd4 Nf6 5. Nc3 Nc6 6. Ndb5 d6 7. Bf4 e5 8. Bg5
a6 9. Na3 b5 10. Nd5 Be7 11. Bxf6 Bxf6 12. c3 O-O 13. Nc2 Bg5 14. a4 bxa4 15.
Rxa4 a5 16. Bc4 Rb8 17. b3 Kh8 18. Nce3 Ne7 19. Nxe7 1-0

[Event "AUTO-ELITE-211"]
[Site "http://www.queenalice.com/game.php?id=560333"]
[Date "2009.3.23"]
[Round "2"]
[White "Brodthuhn"]
[Black "Cerberus"]
[Result "0-1"]
[WhiteElo "2479"]
[BlackElo "2435"]

1. e4 c5 2. Nf3 Nc6 3. d4 cxd4 4. Nxd4 Nf6 5. Nc3 e5 6. Ndb5 d6 7. Nd5 Nxd5 8.
exd5 Nb8 9. a4 Be7 10. Be2 O-O 11. O-O Nd7 12. a5 a6 13. Nc3 f5 14. f4 Bf6 15.
Be3 exf4 16. Bxf4 Ne5 17. Qd2 Ng6 0-1

[Event "AUTO-ELITE-211"]
[Site "http://www.queenalice.com/game.php?id=560336"]
[Date "2009.3.23"]
[Round "2"]
[White "Brodthuhn"]
[Black "ubersoldat1952"]
[Result "1/2-1/2"]
[WhiteElo "2449"]
[BlackElo "2405"]

1. e4 c5 2. Nf3 Nc6 3. Bb5 g6 4. O-O Bg7 5. c3 Nf6 6. Re1 O-O 7. d4 d5 8. exd5
Qxd5 9. dxc5 Qxc5 10. Qe2 a6 11. Ba4 Bf5 12. Be3 Qd6 13. Na3 Nd5 14. Nc2 Rad8
15. Rad1 Qc7 16. Bb3 e6 17. Bg5 Nf4 18. Bxf4 Qxf4 19. g3 Qc7 20. Ne3 1/2-1/2

[Event "AUTO-ELITE-196"]
[Site "http://www.queenalice.com/game.php?id=562715"]
[Date "2009.3.27"]
[Round "2"]
[White "Matrick"]
[Black "Brodthuhn"]
[Result "1-0"]
[WhiteElo "2317"]
[BlackElo "2492"]

1. e4 e6 2. d4 d5 3. Nc3 Bb4 4. e5 c5 5. Bd2 Ne7 6. a3 Bxc3 7. Bxc3 b6 8. b4 Qc7
9. Nf3 cxb4 10. Bxb4 Ba6 11. Bd3 Bxd3 12. Qxd3 Nbc6 13. O-O Nxb4 14. axb4 O-O
15. Ng5 Nf5 16. g4 1-0

[Event "AUTO-ELITE-196"]
[Site "http://www.queenalice.com/game.php?id=562716"]
[Date "2009.3.27"]
[Round "2"]
[White "Brodthuhn"]
[Black "Matrick"]
[Result "0-1"]
[WhiteElo "2504"]
[BlackElo "2299"]

1. d4 Nf6 2. c4 e6 3. Nf3 d5 4. Nc3 c6 5. e3 Nbd7 6. Bd3 dxc4 7. Bxc4 b5 8. Bd3
Bb7 9. O-O a6 10. e4 c5 11. d5 c4 12. Bc2 Qc7 13. dxe6 fxe6 14. Qe2 Bd6 15. Nd4
Bxh2+ 16. Kh1 Qd6 0-1

[Event "AUTO-ELITE-196"]
[Site "http://www.queenalice.com/game.php?id=562717"]
[Date "2009.3.27"]
[Round "2"]
[White "Donidon"]
[Black "Brodthuhn"]
[Result "1/2-1/2"]
[WhiteElo "2333"]
[BlackElo "2448"]

1. e4 e6 2. d4 d5 3. Nc3 Nf6 4. e5 Nfd7 5. f4 c5 6. Nf3 Nc6 7. Bb5 cxd4 8. Nxd4
Qb6 9. Be3 a6 10. Bxc6 bxc6 1/2-1/2

[Event "AUTO-ELITE-196"]
[Site "http://www.queenalice.com/game.php?id=562718"]
[Date "2009.3.27"]
[Round "2"]
[White "Brodthuhn"]
[Black "Donidon"]
[Result "1/2-1/2"]
[WhiteElo "2446"]
[BlackElo "2336"]

1. Nf3 d5 2. g3 c5 3. Bg2 Nc6 4. O-O e5 5. d3 Nf6 6. Bg5 Be7 7. Nbd2 O-O 8. c4
d4 9. a3 h6 10. Bxf6 Bxf6 11. Rb1 1/2-1/2